000 00351nam a2200145Ia 4500
005 20260328104300.0
008 260328s9999||||xx |||||||||||||| ||und||
100 _aPáramo, Pablo
245 0 _aSociolugares /
_cPablo Páramo
250 _a1a ed.
260 _bUniversidad Piloto de Colombia
300 _a141 p.
650 _aLUGARES
942 _cBK
999 _c10584
_d10584